Statistics : (Record no. 3961)

MARC details
000 -LEADER
fixed length control field 01146nac a22002891i 4500
003 - CONTROL NUMBER IDENTIFIER
control field EG-ScBUE
005 - DATE AND TIME OF LATEST TRANSACTION
control field 20241112100205.0
008 - FIXED-LENGTH DATA ELEMENTS--GENERAL INFORMATION
fixed length control field 241112s1994 enka f 001 0 eng d
020 ## - INTERNATIONAL STANDARD BOOK NUMBER
International Standard Book Number 052144554X
020 ## - INTERNATIONAL STANDARD BOOK NUMBER
International Standard Book Number 9780521498524
040 ## - CATALOGING SOURCE
Original cataloging agency EG-ScBUE
Language of cataloging eng
Description conventions rda
Transcribing agency EG-ScBUE
Modifying agency EG-ScBUE
082 04 - DEWEY DECIMAL CLASSIFICATION NUMBER
Classification number 519.5
Item number FRA
Edition number 22
100 1# - MAIN ENTRY--PERSONAL NAME
Personal name Frank, Harry,
Relator term author.
245 10 - TITLE STATEMENT
Title Statistics :
Remainder of title concepts and applications /
Statement of responsibility, etc Harry Frank, Department of Psychology, University of Michigan-Flint, Steven C. Althoen, Department of Mathematics, University of Michigan-Flint..
264 #1 - PUBLICATION, DISTRIBUTION, ETC. (IMPRINT)
Place of publication, distribution, etc Cambridge :
Name of publisher, distributor, etc Cambridge University Press,
Date of publication, distribution, etc 1994
300 ## - PHYSICAL DESCRIPTION
Extent xxvi, 853 pages :
Other physical details illustrations ;
Dimensions 27 cm
336 ## - CONTENT TYPE
Source rdacontent
Content type term text
Content type code txt
337 ## - MEDIA TYPE
Media type term unmediated
Source rdamedia
Media type code n
338 ## - CARRIER TYPE
Carrier type term volume
Carrier type code nc
Source rdacarrier
500 ## - GENERAL NOTE
General note Includes index.
650 #7 - SUBJECT ADDED ENTRY--TOPICAL TERM
Topical term or geographic name as entry element Statistics.
Source of heading or term BUEsh
655 ## - INDEX TERM--GENRE/FORM
Form subdivision Reading book
700 1# - ADDED ENTRY--PERSONAL NAME
Personal name Althoen, Steven C.,
Relator term author.
856 42 - ELECTRONIC LOCATION AND ACCESS
Materials specified Publisher description
Uniform Resource Identifier <a href="http://www.loc.gov/catdir/description/cam025/93027502.html">http://www.loc.gov/catdir/description/cam025/93027502.html</a>
856 42 - ELECTRONIC LOCATION AND ACCESS
Materials specified Table of contents
Uniform Resource Identifier <a href="http://www.loc.gov/catdir/toc/cam028/93027502.html">http://www.loc.gov/catdir/toc/cam028/93027502.html</a>
942 ## - ADDED ENTRY ELEMENTS (KOHA)
Koha item type Book - Borrowing
Source of classification or shelving scheme Dewey Decimal Classification
Holdings
Withdrawn status Lost status Damaged status Not for loan Home library Current library Shelving location Date acquired Source of acquisition Total Checkouts Total Renewals Full call number Barcode Date last seen Date checked out Price effective from Koha item type Source of classification or shelving scheme Collection code
        Central Library Central Library First floor 31/08/2006 Purchase 1 2 519.5 FRA 000003174 15/07/2025 22/04/2017 31/08/2006 Book - Borrowing    
        Central Library Central Library First floor 07/08/2012 Purchase 1   519.5 FRA 000005095 15/07/2025 26/03/2017 12/08/2007 Book - Borrowing Dewey Decimal Classification Alahram